Statistiques concernant Pouvez-vous nommer les 10 pays les plus peuplés en 1950 ?

Cliquez ici pour prendre le quiz!

Statistiques générales

  • Ce quiz a été pris 113 fois
    (88 depuis la dernière actualisation)
  • Le résultat moyen est 9 sur 10

Statistiques - réponses

HintRéponse% Correct
Population:158,804,395États Unis
100%
Population:554,419,273Chine
99%
Population:376,325,200Inde
99%
Population:82,802,084Japon
95%
Population:69,966,243Allemagne
91%
Population:53,974,729Brésil
90%
Population:50,616,014Royaume-Uni
83%
Population:69,543,316Indonésie
78%
Population:102,798,657URSS
71%
Population:46,598,601Italie
59%

Distribution des résultats

Percentile par nombre de réponses

% des personnes avec chaque résultat

Votre développement - résultats

Vous n’avez pas pris ce quiz depuis la dernière actualisation